The One With the Guest Stars Quiz Stats

 Plays Quiz Updated Oct 5, 2016

Challenge
Share
Tweet
Score 0/30 Timer 06:00
6 Plays Today
% Correct
Brad Pitt
94.5%
Billy Crystal and Robin Williams
93.6%
Bruce Willis
93.2%
George Clooney and Noah Wyle
92.2%
Reese Witherspoon
91.3%
Charlie Sheen
91.1%
Julia Roberts
90%
Alec Baldwin
87.5%
Morgan Fairchild and Jay Leno
85.9%
Danny DeVito
77.1%
Sean Penn
75.1%
Susan Sarandon
71.8%
Christina Applegate
69%
Jeff Goldblum
63%
Hugh Laurie
61.3%
% Correct
John Stamos
59.9%
Freddie Prinze Jr.
58%
Brooke Shields
58%
Jean-Claude Van Damme
56.6%
Winona Ryder
55.8%
Anna Faris
53.8%
Denise Richards
51.8%
Gary Oldman
49.2%
Jason Alexander
48.3%
Jon Lovitz
39.6%
Elle Macpherson
37.2%
Kathleen Turner
34.4%
Isabella Rossellini
32.3%
Jill Goodacre
23.3%
Marlo Thomas
21.5%

You're not logged in!

Compare scores with friends on all Sporcle quizzes.
Join for Free
OR
Log In

You Might Also Like...

Show Comments

Extras

Top Quizzes Today


Score Distribution

Your Account Isn't Verified!

In order to create a playlist on Sporcle, you need to verify the email address you used during registration. Go to your Sporcle Settings to finish the process.

Report this User

Report this user for behavior that violates our Community Guidelines.

Details: